Statistics for Former Colonies of the British Empire

Click here to take the quiz!

General Stats

  • This quiz has been taken 1,777 times
    (596 since last reset)
  • The average score is 41 of 59

Answer Stats

DatesCountry% Correct
1947India
96%
1867Canada
95%
1783United States of America
94%
1901Australia
91%
1910South Africa
91%
1922Egypt
90%
1947Pakistan
90%
1907New Zealand
89%
1963Kenya
82%
1956Sudan
81%
1960Nigeria
77%
1980Zimbabwe
77%
1962Jamaica
76%
1932Iraq
76%
1948Israel
75%
1964Zambia
74%
1961Tanzania
74%
1966Lesotho
74%
1948Myanmar
74%
1957Ghana
74%
1970Fiji
72%
1983Saint Kitts and Nevis
72%
1968Eswatini
71%
1966Guyana
71%
1966Barbados
70%
1957Malaysia
70%
1979Saint Vincent and the Grenadines
70%
1979Saint Lucia
70%
1981Belize
70%
1966Botswana
70%
1973The Bahamas
70%
1962Uganda
69%
1948Ceylon
69%
1967Yemen
69%
1962Trinidad and Tobago
66%
1982Antigua and Barbuda
66%
1971United Arab Emirates
65%
1946Jordan
65%
1964Malta
64%
1961Kuwait
64%
1960Cyprus
64%
1974Grenada
64%
1964Malawi
62%
1971Qatar
62%
1971Bahrain
62%
1978Dominica
61%
1978Tuvalu
61%
1978Solomon Islands
61%
1970Tonga
60%
1965The Gambia
59%
1968Nauru
59%
1979Kiribati
58%
1980Vanuatu
57%
1965Maldives
57%
1984Brunei
57%
1976Seychelles
56%
1961Sierra-Leone
56%
1968Mauritius
53%
1919Afghanistan
53%

Score Distribution

Percentile by Number Answered

Percent of People with Each Score

Your Score History

You have not taken this quiz since the last reset